LEADER 02071nas 2200661-a 450 001 996199755403316 005 20220210154746.0 011 $a1606-2000 035 $a(OCoLC)60628642 035 $a(CKB)111088195291310 035 $a(CONSER)--2005249114 035 $a(EXLCZ)99111088195291310 100 $a20050614b19uu2004 sf- - 101 0 $aeng 135 $aurunu|||||||| 181 $ctxt$2rdacontent 182 $cc$2rdamedia 183 $acr$2rdacarrier 200 14$aThe courier 210 $a[Brussels] $c[Commission of the European Communities] 330 $a"European Community-African-Caribbean-Pacific" (varies). 517 1 $aCourier ACP-EU 517 1 $aACP-EU courier 517 3 $aCourier, Africa Caribbean Pacific European Community 517 3 $aCourier, Africa Caribbean Pacific European Union 517 1 $aCourrier 531 $aCOURIER 606 $aEconomic history$2fast$3(OCoLC)fst00901974 606 $aRelations$2fast$3(OCoLC)fst01892706 606 $aSocial conditions$2fast$3(OCoLC)fst01919811 606 $aOntwikkelingspolitiek$2gtt 606 $aECONOMIC RELATIONS$2unbist 606 $aECONOMIC DEVELOPMENT$2unbist 606 $aAFRICA$2unbist 606 $aCARIBBEAN REGION$2unbist 606 $aOCEANIA$2unbist 606 $aEUROPE$2unbist 607 $aDeveloping countries$xEconomic conditions$vPeriodicals 607 $aDeveloping countries$xSocial conditions$vPeriodicals 607 $aDeveloping countries$2fast 608 $aPeriodicals.$2fast 615 7$aEconomic history. 615 7$aRelations. 615 7$aSocial conditions 615 17$aOntwikkelingspolitiek. 615 17$aECONOMIC RELATIONS. 615 17$aECONOMIC DEVELOPMENT. 615 17$aAFRICA. 615 17$aCARIBBEAN REGION. 615 17$aOCEANIA. 615 17$aEUROPE. 676 $a338.91/6/04 712 02$aCommission of the European Communities. 712 02$aEuropean Commission. 906 $aJOURNAL 912 $a996199755403316 996 $aThe courier$91898103 997 $aUNISA LEADER 01232nam a2200277 i 4500 001 991003496059707536 005 20020509123209.0 008 010704s1973 uk ||| | eng 020 $a0710073429 035 $ab11170906-39ule_inst 035 $aPARLA183089$9ExL 040 $aDip.to Filosofia$bita 082 0 $a193 100 1 $aWittgenstein, Ludwig$051308 245 10$aLetters to C. K. Ogden with comments on the English translation of the Tractatus Logico-Philosophicus /$cLudwig Wittgenstein ; edited with an introduction by G. H. von Wright and with an appendix of letters by Frank Plumpton Ramsey 260 $aOxford :$bBasil Blackwell ; Boston : Routledge & Kegan Paul,$c[1973] 300 $aIX, 90 p. ;$c22 cm. 700 1 $aOgden, Charles Kay 700 1 $aWright, Georg Henrik :$cvon 700 1 $aRamsey, Frank Plumpton 907 $a.b11170906$b21-09-06$c28-06-02 912 $a991003496059707536 945 $aLE005IF X F 7$g1$iLE005IFA-8853$lle005$o-$pE0.00$q-$rl$s- $t0$u0$v0$w0$x0$y.i11316329$z28-06-02 996 $aLetters to C. K. Ogden with comments on the English translation of the Tractatus Logico-Philosophicus$9872178 997 $aUNISALENTO 998 $ale005$b01-01-01$cm$da $e-$feng$guk $h0$i1 LEADER 05445nam 2200625 450 001 9910815422903321 005 20230803202942.0 010 $a3-03826-449-0 035 $a(CKB)3710000000125789 035 $a(EBL)1910766 035 $a(SSID)ssj0001336762 035 $a(PQKBManifestationID)11700668 035 $a(PQKBTitleCode)TC0001336762 035 $a(PQKBWorkID)11307921 035 $a(PQKB)11399214 035 $a(Au-PeEL)EBL1910766 035 $a(CaPaEBR)ebr10895040 035 $a(OCoLC)889265638 035 $a(MiAaPQ)EBC1910766 035 $a(EXLCZ)993710000000125789 100 $a20140721h20142014 uy 0 101 0 $aeng 135 $aur|n|---||||| 181 $ctxt 182 $cc 183 $acr 200 10$aAdvances in computational mechanics $eselected, peer reviewed papers from the 1st Australasian Conference on Computational Mechanics (ACCM 2013), October 3-4, 2013, Sydney, Australia /$fedited by Grant P. Steven, Qing Li and Zhongpu (Leo) Zhang 210 1$aZurich, Switzerland :$cTTP,$d2014. 210 4$dİ2014 215 $a1 online resource (862 p.) 225 1 $aApplied Mechanics and Materials,$x1662-7482 ;$vVolume 553 300 $aDescription based upon print version of record. 311 $a3-03835-068-0 320 $aIncludes bibliographical references at the end of each chapters and indexes. 327 $aAdvances in Computational Mechanics; Preface and Conference Organizers; Table of Contents; Chapter 1: Advanced Materials and Multiscale Modelling; Tuneable Resonance Properties of Graphene by Nitrogen-Dopant; Finite Element Modelling of Stress-Induced Fracture in Ti-Si-N Films; Fictitious Elastic Stiffness Parameters of Zero-Thickness Finite Elements at Bi-Material Interfaces; Crystal Plasticity Simulation of the Bauschinger Effect of Polycrystalline AA7075 through a Texture-Based Representative Volume Element Model 327 $aUnderstanding the Threshold Conditions for Dislocation Transmission from Tilt Grain Boundaries in FCC Metals under Uniaxial LoadingEffect of Pressure on Dry and Hydrated Self Assembled Monolayers: A Molecular Dynamics Simulation Study; Atoms to Assemblies: A Physics-Based Hierarchical Modelling Approach for Polymer Composite Components; Finite Element Analysis of Residual Stresses in Metallic Coatings through a Compound Casting; Digital Material Representation and Testing of Metal Foams; Molecular Dynamics Simulation of the Deformation of Single Crystal Gallium Arsenide 327 $aModeling of Grained Heterogeneity with Voronoi Tessellation in Microforming ProcessComputational Analysis of Compressive Strain Hardening Exponents of Bimetal with Pearlitic Steel and Low Carbon Steel; Implementation of a Non-Orthogonal Constitutive Model for the Finite Element Simulation of Textile Composite Draping; Finite Element Simulation of the Hot Deformation Behavior of AA7075 Using a Coupled Thermo-Mechanical Crystal Plasticity Constitutive Model; Morphology of Irradiated Adjacent Single-Walled Carbon Nanotubes 327 $aA Variable Diffusivity Model for the Drying of Spherical Food ParticulatesModeling of Steel-Reinforced Concrete Panels under Blast Loads; Chapter 2: Computational Fluid Dynamics and Thermofluids; Magnetic Convection Heat Transfer in an Open Ended Enclosure Filled with Paramagnetic Fluids; Analysis of Dissipative Particle Dynamics Fluid in Sheared Regimes; Numerical Simulation of Flow, Heat and Moisture Transfer in Heat and Moisture Exchanger (HME) Devices; Thermal Management of Data Centres - Effect of CRAC Location and Flow Rate on the Performance of Data Centres 327 $aA Fully Coupled Scheme for Viscous Flows in Regular and Irregular Domains Using Compact Integrated RBF ApproximationComparison and Development of Equation of State Laws in Smoothed Particle Hydrodynamics; Three-Dimensional Direct Numerical Simulation of Unsteady Transitional Round Fountains in a Homogeneous Fluid; Investigation of the 3D Flow in Hemodialysis Venous Air Traps; Transient Analysis of Rising Bubble Using Image Analysis; Numerical Simulation of Tank Discharge Using Smoothed Particle Hydrodynamics; CFD Flow Model and its Effects on the Calculations of High Pressure Sprays 327 $aDevelopment of an Effective FVLBM Code for the Study of Turbulent and Multiphase Flows 330 $aCollection of selected, peer reviewed papers from the Australasian Conference of Computational Mechanics 2013 (ACCM 2013), October 3-4, 2013, Sydney, Australia. The 139 papers are grouped as follows: Chapter 1: Advanced Materials and Multiscale Modelling, Chapter 2: Computational Fluid Dynamics and Thermofluids, Chapter 3: Aerospace and Vehicle Engineering, Chapter 4: Biomechanics, Biomimetics and Biomedical Engineering, Chapter 5: Geomechanics and Geotechnics, Chapter 6: Structural and Solid Mechanics, Chapter 7: Vibration and Dynamics, Chapter 8: Fracture and Damage, Chapter 9: Impact and Ex 410 0$aApplied mechanics and materials ;$vVolume 553. 606 $aMechanics, Applied$xMathematics$vCongresses 615 0$aMechanics, Applied$xMathematics 676 $a620.100151 702 $aSteven$b Grant P. 702 $aLi$b Qing 702 $aZhang$b Zhongpu (Leo) 801 0$bMiAaPQ 801 1$bMiAaPQ 801 2$bMiAaPQ 906 $aBOOK 912 $a9910815422903321 996 $aAdvances in computational mechanics$93981782 997 $aUNINA